Cedulario Indiano (Record no. 6848)

MARC details
000 -CABECERA
campo de control de longitud fija 00920nam a2200265 a 4500
001 - NÚMERO DE CONTROL
campo de control BRCA_7167
005 - FECHA Y HORA DE LA ÚLTIMA TRANSACCIÓN
campo de control 20190321142921.0
008 - DATOS DE LONGITUD FIJA--INFORMACIÓN GENERAL
campo de control de longitud fija 120112s19451946sp-#######---#000-0#spa-#
041 ## - CÓDIGO DE LENGUA
Código de lengua del texto/banda sonora o título independiente spa
044 ## - CÓDIGO DEL PAÍS DE LA ENTIDAD EDITORA/PRODUCTORA
Código MARC del país sp
050 #4 - SIGNATURA TOPOGRÁFICA DE LA BIBLIOTECA DEL CONGRESO
Número de documento/Ítem .C43 1945-1946
245 10 - MENCIÓN DE TÍTULO
Título Cedulario Indiano
Mención de responsabilidad, etc. recopilado por Diego Encinas ; Estudio e índice por el Dr. Don Alfonso García Gallo.
260 ## - PUBLICACIÓN, DISTRIBUCIÓN, ETC.
Lugar de publicación, distribución, etc. Madrid
Nombre del editor, distribuidor, etc. Ediciones Cultura Hispánica
Fecha de publicación, distribución, etc. 1945-1946
300 ## - DESCRIPCIÓN FÍSICA
Extensión 4 v.
Dimensiones 34 cm.
500 ## - NOTA GENERAL
Nota general Reproducción Facsimil de la edición única de 1596
500 ## - NOTA GENERAL
Nota general Estado físico: camisas rotas
500 ## - NOTA GENERAL
Nota general Ejemplar intonso
500 ## - NOTA GENERAL
Nota general O220
651 #4 - PUNTO DE ACCESO ADICIONAL DE MATERIA--NOMBRE GEOGRÁFICO
Nombre geográfico América Latina
Subdivisión de forma Fuentes
Subdivisión general Historia
Subdivisión cronológica Siglo XVI
9 (RLIN) 17768
651 #4 - PUNTO DE ACCESO ADICIONAL DE MATERIA--NOMBRE GEOGRÁFICO
Nombre geográfico España
Subdivisión de forma Administración
Subdivisión general Colonias
Subdivisión cronológica Siglo XVI
Subdivisión geográfica América
9 (RLIN) 17769
700 1# - PUNTO DE ACCESO ADICIONAL--NOMBRE DE PERSONA
Nombre de persona Encinas, Diego de
Fecha de publicación/de la obra ca. 1525-ca. 1612
Término indicativo de función/relación comp.
9 (RLIN) 17770
700 1# - PUNTO DE ACCESO ADICIONAL--NOMBRE DE PERSONA
Nombre de persona García Gallo, Alfonso
Término indicativo de función/relación ed.
9 (RLIN) 17771
902 ## - CATALOGADOR
Iniciales GFM
942 ## - ELEMENTOS DE PUNTO DE ACCESO ADICIONAL (KOHA)
Fuente del sistema de clasificación o colocación Library of Congress Classification
Tipo de ítem Koha Libros
Holdings
Estado de retiro Estado de pérdida Estado dañado No para préstamo Localización permanente Ubicación/localización actual Fecha de adquisición Número de inventario Total de préstamos Signatura topográfica completa Código de barras Fecha visto por última vez Precio válido a partir de Tipo de ítem Koha
El ejemplar forma parte de la colección y puede ser consultado según las políticas vigentes.       Biblioteca del Museo Franz Mayer (Rogerio Casas-Alatriste) Biblioteca del Museo Franz Mayer (Rogerio Casas-Alatriste) 12/01/2012 O220   .C43 1945-1946 (O220) 7614 22/03/2019 22/03/2019 Libros